000 00706nam a2200241 a 4500
001 BRCA_3987
005 20190320204513.0
008 150110s1954----po-a######---#000-0#por-#
041 _apor
044 _apo
050 4 _aN3215
_b.R45 1 1954
245 1 0 _aRelacão de obras de arte oferecidas em 1953 e 1954.
260 _aCaramulo, Portugal
_bMuseu do Caramulo
_c1954
300 _a34 p.
_bil., 35 láminas
_c19 cm.
500 _aVer también CDE69 y CDE70
500 _aCDE68
650 1 4 _aArte
_zCaramulo, Portugal
_910362
650 1 4 _aArte
_zPortugal
_910363
650 1 4 _aGalerías y museos
_zPortugal
_910364
710 2 _aMuseu do Caramulo (Portugal)
_910365
902 _aGFM
942 _2lcc
_cB
999 _c3713
_d3713